000 00765nam a2200181Ia 4500
008 151202s9999||||xx |||||||||||||| ||und||
082 _bPNVM-63563
100 _aगंगोपाधय सुनिल-अनु.पंडित तारा.
245 _aएक चेहरा स्वप्नाचा.
260 _b"शिवम प्रकाशन ,पुणे."
260 _c63563
300 _a140
600 _aगंगोपाधय सुनिल-अनु.पंडित तारा.
630 _aएक चेहरा स्वप्नाचा.
700 _aगंगोपाधय सुनिल-अनु.पंडित तारा.
730 _aएक चेहरा स्वप्नाचा.
942 _cBOOK
999 _c1330097
_d1330094